[Event "GER-chT U16"]
[Site "Magdeburg"]
[Date "2023.12.28"]
[Round "4.6"]
[White "Semling, Johannes"]
[Black "Englert, Luca"]
[Result "0-1"]
[WhiteElo "2147"]
[BlackElo "2149"]
[PlyCount "66"]
[EventDate "2023.12.26"]
[EventType "team-swiss"]
[EventRounds "7"]
[EventCountry "GER"]
[SourceTitle "CB03_2024"]
[SourceDate "2024.01.17"]
[SourceVersion "1"]
[SourceVersionDate "2024.01.17"]
[SourceQuality "1"]
[WhiteTeam "Baden-Baden"]
[BlackTeam "Leipzig VfB"]
[WhiteTeamCountry "GER"]
[BlackTeamCountry "GER"]

1. e4 c5 2. Nf3 d6 3. d4 cxd4 4. Nxd4 Nf6 5. Nc3 a6 6. Bg5 Nbd7 7. Bc4 h6 8. Bh4 Qc7 9. Qe2 b5 10. Bb3 e6 11. a3 Nc5 12. 0-0-0 Be7 13. Bg3 0-0 14. Kb1 Bb7 15. f3 Rfd8 16. Ba2 Qb6 17. Qe1 d5 18. exd5 Nxd5 19. Bxd5 Bxd5 20. Nf5 Bf8 21. Nxd5 exd5 22. Bf2 Qg6 23. g4 a5 24. Ne7+ Bxe7 25. Qxe7 Ne6 26. Rd2 Rac8 27. Bb6 Re8 28. Qd6 b4 29. axb4 axb4 30. Qxd5 Nf4 31. Qf5 Qxb6 32. Qxf4 Ra8 33. Rd7 Qe6 0-1

[Event "GER-chT U16"]
[Site "Magdeburg"]
[Date "2023.12.28"]
[Round "3.6"]
[White "Trenz, Finn"]
[Black "Englert, Luca"]
[Result "0-1"]
[WhiteElo "1884"]
[BlackElo "2149"]
[PlyCount "104"]
[EventDate "2023.12.26"]
[EventType "team-swiss"]
[EventRounds "7"]
[EventCountry "GER"]
[SourceTitle "CB03_2024"]
[SourceDate "2024.01.17"]
[SourceVersion "1"]
[SourceVersionDate "2024.01.17"]
[SourceQuality "1"]
[WhiteTeam "Ingelheim"]
[BlackTeam "Leipzig VfB"]
[WhiteTeamCountry "GER"]
[BlackTeamCountry "GER"]

1. e4 c5 2. c4 Nc6 3. Nc3 g6 4. g3 Bg7 5. Bg2 h5 6. h4 d6 7. Nge2 Bg4 8. 0-0 Qd7 9. d3 Nf6 10. Be3 Bxe2 11. Qxe2 e6 12. Bh3 Qe7 13. Rae1 0-0 14. Bg5 Nd4 15. Qd1 Qc7 16. Kg2 Nd7 17. Ne2 Rae8 18. Nxd4 cxd4 19. g4 hxg4 20. Bxg4 Qc5 21. Qd2 Ne5 22. Bd1 d5 23. Ba4 dxc4 24. Bxe8 Nxd3 25. Ba4 b5 26. Bb3 Nxe1+ 27. Rxe1 cxb3 28. axb3 Rc8 29. Qd3 Qb6 30. e5 Qb7+ 31. Kg1 Qd5 32. f4 Bf8 33. h5 gxh5 34. Qg3 d3 35. Bf6+ Kh7 36. Qh3 Bh6 37. Qxh5 Rg8+ 38. Bg5 Rg6 39. Kf1 d2 40. Rd1 Qd3+ 41. Kf2 Kg8 42. Rh1 b4 43. Rd1 Bxg5 44. fxg5 Qf5+ 45. Qf3 Rxg5 46. Rxd2 Qxe5 47. Qa8+ Kg7 48. Qxa7 Rf5+ 49. Kg2 Qe4+ 50. Kh3 Rh5+ 51. Kg3 Rg5+ 52. Kh2 Qh4# 0-1

[Event "GER-chT U16"]
[Site "Magdeburg"]
[Date "2023.12.27"]
[Round "1.9"]
[White "Bergmann, Lennart"]
[Black "Englert, Luca"]
[Result "1-0"]
[WhiteElo "1612"]
[BlackElo "2149"]
[PlyCount "104"]
[EventDate "2023.12.26"]
[EventType "team-swiss"]
[EventRounds "7"]
[EventCountry "GER"]
[SourceTitle "CB03_2024"]
[SourceDate "2024.01.17"]
[SourceVersion "1"]
[SourceVersionDate "2024.01.17"]
[SourceQuality "1"]
[WhiteTeam "Offenbach"]
[BlackTeam "Leipzig VfB"]
[WhiteTeamCountry "GER"]
[BlackTeamCountry "GER"]

1. e4 c5 2. Nf3 d6 3. d4 cxd4 4. Nxd4 Nf6 5. f3 e5 6. Bb5+ Nbd7 7. Nb3 a6 8. Be2 b5 9. Nc3 Bb7 10. a3 Be7 11. Be3 Rc8 12. Qd2 0-0 13. 0-0 Nb6 14. Na5 Ba8 15. Rfd1 d5 16. exd5 Nbxd5 17. Nxd5 Nxd5 18. Bf2 Nf4 19. Bf1 Qc7 20. c4 Rfd8 21. Qe1 Bc5 22. b4 Bxf2+ 23. Qxf2 e4 24. cxb5 exf3 25. b6 fxg2 26. Bxg2 Qe5 27. b7 Bxb7 28. Nxb7 Rxd1+ 29. Rxd1 h5 30. Re1 Qg5 31. Qg3 Qf6 32. Nc5 h4 33. Qf3 h3 34. Bxh3 Qh4 35. Re3 Rd8 36. Bf1 Rd2 37. Qg3 Qh6 38. Ne4 Nh5 39. Qg5 Qxg5+ 40. Nxg5 g6 41. Rf3 f5 42. Bxa6 Nf6 43. Rd3 Rb2 44. Bc4+ Kf8 45. Rb3 Rc2 46. Bf1 Ng4 47. h3 Ne5 48. b5 Nd7 49. b6 Rc8 50. b7 Rb8 51. Bg2 Nc5 52. Rb5 Nd7 1-0

[Event "GER-ch U16"]
[Site "Willingen"]
[Date "2023.06.01"]
[Round "7"]
[White "Fuhrmann, Bahne"]
[Black "Englert, Luca"]
[Result "1/2-1/2"]
[WhiteElo "2066"]
[BlackElo "2109"]
[PlyCount "114"]
[EventDate "2023.05.27"]
[EventType "swiss"]
[EventRounds "9"]
[EventCountry "GER"]
[SourceTitle "CBM 214 Extra"]
[Source "ChessBase"]
[SourceDate "2023.07.31"]
[SourceVersion "1"]
[SourceVersionDate "2023.07.31"]
[SourceQuality "1"]

1. d4 d5 2. c4 c6 3. Nf3 Nf6 4. g3 e6 5. Bg2 Nbd7 6. 0-0 Bd6 7. Nc3 0-0 8. Nd2 Re8 9. e4 dxe4 10. Ndxe4 Be7 11. Qc2 e5 12. d5 cxd5 13. cxd5 Nxe4 14. Nxe4 Nb6 15. Rd1 Bg4 16. f3 Rc8 17. Qd3 Bf5 18. d6 Bf8 19. b3 Rc6 20. Ba3 Re6 21. Rac1 Rxc1 22. Rxc1 h6 23. Qd2 Bxe4 24. fxe4 Bxd6 25. Rd1 Nc8 26. Bh3 Qb6+ 27. Kg2 Bxa3 28. Qd8+ Bf8 29. Qxc8 Rc6 30. Qd7 Qe3 31. Qd3 Qxd3 32. Rxd3 Rc2+ 33. Kf3 Rxa2 34. Rd7 b5 35. Rd5 b4 36. Bf1 a5 37. Bc4 Ra3 38. Rd7 a4 39. Bxf7+ Kh7 40. Ra7 axb3 41. Rxa3 bxa3 42. Bxb3 Kg6 43. h3 Kf6 44. Bd5 Bb4 45. g4 Ke7 46. Ke2 Kd6 47. Kd3 Kc5 48. Ba2 Ba5 49. Bg8 Bd8 50. Ba2 Kd6 51. Ke2 Be7 52. Bd5 Kc5 53. Kd3 Kb4 54. Ba2 Bf8 55. Bd5 g6 56. Ba2 h5 57. gxh5 gxh5 1/2-1/2

[Event "GER-ch U16"]
[Site "Willingen"]
[Date "2023.05.31"]
[Round "5"]
[White "Englert, Luca"]
[Black "Peglau, Charis"]
[Result "1-0"]
[WhiteElo "2109"]
[BlackElo "2114"]
[PlyCount "47"]
[EventDate "2023.05.27"]
[EventType "swiss"]
[EventRounds "9"]
[EventCountry "GER"]
[SourceTitle "CBM 214 Extra"]
[Source "ChessBase"]
[SourceDate "2023.07.31"]
[SourceVersion "1"]
[SourceVersionDate "2023.07.31"]
[SourceQuality "1"]

1. e4 c5 2. Nf3 Nc6 3. d4 cxd4 4. Nxd4 Qb6 5. Nb3 e6 6. Be3 Qc7 7. Bd3 Nf6 8. 0-0 d5 9. Nc3 dxe4 10. Nxe4 Nxe4 11. Bxe4 Bd6 12. Qh5 Bd7 13. Bc5 g6 14. Bxd6 Qxd6 15. Rad1 Qc7 16. Qc5 Qb6 17. Rd6 0-0-0 18. Rfd1 f5 19. Bf3 Rhe8 20. Qc3 Qc7 21. Nc5 Re7 22. Bxc6 bxc6 23. Qf6 Qb6 24. Na4 1-0

[Event "GER-chT U16"]
[Site "Darmstadt"]
[Date "2022.12.30"]
[Round "7"]
[White "Yin, Haode"]
[Black "Englert, Luca"]
[Result "0-1"]
[WhiteElo "1931"]
[BlackElo "1967"]
[PlyCount "56"]
[EventDate "2022.12.26"]
[EventType "team-swiss"]
[EventRounds "7"]
[EventCountry "GER"]
[SourceTitle "CBM 212 Extra"]
[Source "ChessBase"]
[SourceDate "2023.03.31"]
[SourceVersion "1"]
[SourceVersionDate "2023.03.31"]
[SourceQuality "1"]
[WhiteTeam "Paderborn Akademie"]
[BlackTeam "Leipzig VfB"]
[WhiteTeamCountry "GER"]
[BlackTeamCountry "GER"]

1. d4 d5 2. c4 c6 3. Nf3 Nf6 4. e3 e6 5. Nbd2 Nbd7 6. Bd3 Bd6 7. 0-0 0-0 8. e4 dxe4 9. Nxe4 Nxe4 10. Bxe4 e5 11. Bc2 exd4 12. Qd3 g6 13. Bh6 c5 14. Bxf8 Kxf8 15. Rfe1 Qc7 16. Ba4 Nf6 17. h3 Bf5 18. Qd1 Rd8 19. g4 Be6 20. Qd3 Bc8 21. Ng5 b6 22. Ne4 Nxe4 23. Rxe4 Bb7 24. Re2 Bh2+ 25. Kf1 Qf4 26. f3 Bg3 27. Kg2 Bh4 28. Kg1 Bxf3 0-1

[Event "GER-chT U16"]
[Site "Darmstadt"]
[Date "2022.12.29"]
[Round "6"]
[White "Englert, Luca"]
[Black "Buchinger, Alexis"]
[Result "1/2-1/2"]
[WhiteElo "1967"]
[BlackElo "1909"]
[PlyCount "89"]
[EventDate "2022.12.26"]
[EventType "team-swiss"]
[EventRounds "7"]
[EventCountry "GER"]
[SourceTitle "CBM 212 Extra"]
[Source "ChessBase"]
[SourceDate "2023.03.31"]
[SourceVersion "1"]
[SourceVersionDate "2023.03.31"]
[SourceQuality "1"]
[WhiteTeam "Leipzig VfB"]
[BlackTeam "Neuberg"]
[WhiteTeamCountry "GER"]
[BlackTeamCountry "GER"]

1. e4 e5 2. Nf3 Nc6 3. Bc4 Bc5 4. c3 Nf6 5. d3 0-0 6. 0-0 d5 7. exd5 Nxd5 8. Re1 Re8 9. Nbd2 Nb6 10. Ne4 Nxc4 11. Nxc5 Nd6 12. Qa4 Bd7 13. Bg5 f6 14. Bh4 b6 15. Nxd7 Qxd7 16. Bg3 Rad8 17. Rad1 Nd4 18. Qxd7 Nxf3+ 19. gxf3 Rxd7 20. f4 Nf5 21. fxe5 Nxg3 22. hxg3 Rxe5 23. Rxe5 fxe5 24. f3 Rd6 25. Kf2 Rh6 26. Ke3 Rh2 27. Rd2 Rxd2 28. Kxd2 h5 29. Ke3 Kf7 30. Ke4 Kf6 31. b4 c5 32. bxc5 bxc5 33. f4 exf4 34. gxf4 h4 35. d4 h3 36. Kf3 cxd4 37. cxd4 Ke6 38. Kg3 Kd5 39. Kxh3 Kxd4 40. Kg4 Ke4 41. Kg5 a5 42. a4 Kf3 43. Kf5 g6+ 44. Kg5 Ke3 45. Kg4 1/2-1/2

[Event "GER-chT U14"]
[Site "Willingen"]
[Date "2022.08.15"]
[Round "6.5"]
[White "Isbilir, Levin"]
[Black "Englert, Luca"]
[Result "1/2-1/2"]
[WhiteElo "1629"]
[BlackElo "1835"]
[PlyCount "210"]
[EventDate "2022.08.13"]
[EventType "team-swiss"]
[EventRounds "7"]
[EventCountry "GER"]
[SourceTitle "EXT 2023"]
[Source "ChessBase"]
[SourceDate "2022.10.05"]
[SourceVersion "1"]
[SourceVersionDate "2022.10.05"]
[SourceQuality "1"]
[WhiteTeam "Erlangen"]
[BlackTeam "Leipzig VfB"]
[WhiteTeamCountry "GER"]
[BlackTeamCountry "GER"]

1. d4 d5 2. Nf3 c5 3. e3 Nf6 4. c3 Nc6 5. Bd3 Bg4 6. h3 Bxf3 7. Qxf3 Qb6 8. Nd2 e5 9. dxe5 Nxe5 10. Qe2 Nxd3+ 11. Qxd3 Be7 12. 0-0 0-0 13. Nf3 c4 14. Qc2 Ne4 15. b3 f5 16. Nd2 Qe6 17. bxc4 dxc4 18. Nxe4 fxe4 19. Rd1 Rf5 20. Rd4 Re5 21. Bb2 Bc5 22. Rd2 Rg5 23. Rad1 Bb6 24. Rd6 Qe8 25. Qe2 Rc8 26. Ba3 h6 27. h4 Qh5 28. Qxh5 Rxh5 29. g3 Ra5 30. Bb4 Rxa2 31. Rd7 a5 32. Rxb7 axb4 33. Rdd7 Rc7 34. Rdxc7 Bxc7 35. Rxb4 Be5 36. Rxc4 Kf7 37. Rxe4 Bxc3 38. g4 Bf6 39. Rf4 Ke6 40. h5 Bg5 41. Rf5 Ra4 42. f4 Bd8 43. Rb5 Ra2 44. g5 hxg5 45. fxg5 Re2 46. h6 gxh6 47. gxh6 Rxe3 48. Rh5 Rg3+ 49. Kf2 Rg8 50. h7 Rh8 51. Kf3 Kf7 52. Ke4 Kg6 53. Rh2 Bg5 54. Kd5 Bh6 55. Rg2+ Kxh7 56. Ke6 Rf8 57. Rg4 Rf1 58. Rg2 Bc1 59. Rg4 Kh6 60. Rg2 Bg5 61. Ke5 Kg6 62. Ke6 Re1+ 63. Kd5 Kf5 64. Rh2 Rd1+ 65. Kc4 Ke4 66. Rh7 Rc1+ 67. Kb5 Bf6 68. Rh6 Be5 69. Rh4+ Kd5 70. Rg4 Rb1+ 71. Rb4 Rc1 72. Rh4 Rc5+ 73. Kb4 Rc8 74. Kb3 Rb8+ 75. Kc2 Rb2+ 76. Kd3 Rb3+ 77. Ke2 Bd4 78. Rg4 Kc4 79. Rg8 Re3+ 80. Kd2 Rf3 81. Rc8+ Bc5 82. Re8 Rf2+ 83. Re2 Rf1 84. Re8 Bb4+ 85. Kc2 Rf2+ 86. Kd1 Kb3 87. Rb8 Rd2+ 88. Kc1 Re2 89. Rd8 Bc3 90. Rb8+ Kc4 91. Rd8 Bd4 92. Kd1 Rg2 93. Ke1 Kd3 94. Rf8 Rc2 95. Kf1 Bc5 96. Rf3+ Ke4 97. Rf7 Ke3 98. Rc7 Rf2+ 99. Ke1 Bb4+ 100. Kd1 Rd2+ 101. Kc1 Ba3+ 102. Kb1 Rb2+ 103. Ka1 Rb3 104. Rc8 Bb2+ 105. Ka2 Rb7 1/2-1/2

[Event "GER-chT U14"]
[Site "Willingen"]
[Date "2022.08.14"]
[Round "4.2"]
[White "Malinowsky, Levi"]
[Black "Englert, Luca"]
[Result "1-0"]
[WhiteElo "1836"]
[BlackElo "1835"]
[PlyCount "105"]
[EventDate "2022.08.13"]
[EventType "team-swiss"]
[EventRounds "7"]
[EventCountry "GER"]
[SourceTitle "EXT 2023"]
[Source "ChessBase"]
[SourceDate "2022.10.05"]
[SourceVersion "1"]
[SourceVersionDate "2022.10.05"]
[SourceQuality "1"]
[WhiteTeam "Kiel Doppelbauer"]
[BlackTeam "Leipzig VfB"]
[WhiteTeamCountry "GER"]
[BlackTeamCountry "GER"]

1. e4 c5 2. Nf3 d6 3. d4 cxd4 4. Qxd4 Nc6 5. Qe3 g6 6. c4 Bg7 7. Nc3 Nf6 8. h3 0-0 9. Be2 e6 10. 0-0 Nb4 11. Qd2 d5 12. Rd1 Qa5 13. exd5 exd5 14. Nxd5 Nfxd5 15. cxd5 Qc5 16. a3 Na6 17. b4 Qd6 18. Bb2 Bxb2 19. Qxb2 Nc7 20. Bc4 b5 21. Bb3 Bb7 22. Rd4 Qf6 23. Qc1 Rac8 24. Qd1 Rfd8 25. Rc1 Qd6 26. Qd2 Rd7 27. Rd1 Rcd8 28. Qc3 Qa6 29. Ne5 Nxd5 30. Qf3 Nf6 31. Qe3 Rxd4 32. Rxd4 Bd5 33. Qd3 Qxa3 34. Kh2 Qb2 35. Nc6 Qxf2 36. Ne7+ Kg7 37. Nxd5 h5 38. Ne3 Re8 39. Nd1 Qe1 40. Rf4 h4 41. Nf2 Qe5 42. Qd4 Qxd4 43. Rxd4 g5 44. Nd3 Re2 45. Nc5 Nh5 46. Bd1 Re5 47. Bxh5 a5 48. Nd3 Re3 49. bxa5 f5 50. a6 Re7 51. Bf3 g4 52. hxg4 fxg4 53. Rxg4+ 1-0

[Event "Oberliga Ost-A 2122"]
[Site "Germany"]
[Date "2022.07.09"]
[Round "6.8"]
[White "Gempe, Anet"]
[Black "Englert, Luca"]
[Result "0-1"]
[WhiteElo "1977"]
[BlackElo "1741"]
[PlyCount "124"]
[EventDate "2021.10.10"]
[EventType "team-tourn"]
[EventRounds "11"]
[EventCountry "GER"]
[SourceTitle "EXT 2023"]
[Source "ChessBase"]
[SourceDate "2022.10.05"]
[SourceVersion "1"]
[SourceVersionDate "2022.10.05"]
[SourceQuality "1"]
[WhiteTeam "Leipzig SG II"]
[BlackTeam "Leipzig VfB"]
[WhiteTeamCountry "GER"]
[BlackTeamCountry "GER"]

1. e4 c5 2. Nf3 d6 3. d4 cxd4 4. Nxd4 Nf6 5. Nc3 a6 6. Be2 e5 7. Nb3 Be6 8. Be3 Be7 9. 0-0 0-0 10. f3 d5 11. exd5 Nxd5 12. Nxd5 Bxd5 13. c4 Bc6 14. Qxd8 Rxd8 15. Na5 Nd7 16. Nxc6 bxc6 17. Rad1 Bc5 18. Kf2 Kf8 19. Bd3 Bxe3+ 20. Kxe3 Nc5 21. Be4 Nxe4 22. Kxe4 f6 23. f4 exf4 24. Kxf4 a5 25. Rxd8+ Rxd8 26. Ke3 Re8+ 27. Kd2 Re5 28. Rf2 Ke7 29. Kc3 h5 30. b4 Kd6 31. Rd2+ Kc7 32. bxa5 Rxa5 33. Kb4 Kb6 34. a4 Re5 35. Ra2 c5+ 36. Kc3 Ka5 37. Kd3 h4 38. h3 f5 39. Kc3 Re3+ 40. Kd2 Rg3 41. Ke1 g6 42. Kf2 Rc3 43. Re2 Rxc4 44. Re6 g5 45. Rf6 Rf4+ 46. Ke3 Kxa4 47. Rg6 Re4+ 48. Kd3 g4 49. Rg5 gxh3 50. gxh3 Rf4 51. Ke3 Rb4 52. Rxf5 Rb3+ 53. Kf4 Rb4+ 54. Kg5 Kb5 55. Rf8 Rd4 56. Rb8+ Ka4 57. Rc8 c4 58. Rc7 Kb3 59. Rb7+ Kc2 60. Rf7 c3 61. Rf2+ Kb3 62. Rf3 Kb2 0-1

[Event "GER-chT Christmas U20"]
[Site "Playchess.com INT"]
[Date "2020.12.29"]
[Round "6.3"]
[White "Englert, Luca"]
[Black "Centgraf, Andras"]
[Result "0-1"]
[WhiteElo "1563"]
[BlackElo "1504"]
[PlyCount "164"]
[EventDate "2020.12.29"]
[EventType "team-swiss (blitz)"]
[EventRounds "7"]
[EventCountry "GER"]
[SourceTitle "CBM 200 Extra"]
[Source "ChessBase"]
[SourceDate "2021.03.31"]
[SourceVersion "1"]
[SourceVersionDate "2021.03.31"]
[SourceQuality "1"]
[WhiteTeam "Leipzig VfB"]
[BlackTeam "Aschheim/Feldkirchen/Kirchheim"]
[WhiteTeamCountry "GER"]
[BlackTeamCountry "GER"]

1. e4 c5 2. Nc3 Nc6 3. f4 d6 4. Nf3 Bg4 5. Bb5 e6 6. 0-0 Nge7 7. d3 g6 8. Qe1 Bg7 9. Bxc6+ Nxc6 10. Bd2 Bxf3 11. gxf3 Nd4 12. Rc1 a6 13. Ne2 Nxe2+ 14. Qxe2 Bxb2 15. Rb1 Bd4+ 16. Be3 Bxe3+ 17. Qxe3 b5 18. d4 d5 19. f5 dxe4 20. fxe4 Qxd4 21. Qxd4 cxd4 22. fxe6 fxe6 23. e5 Rd8 24. Rf3 Rf8 25. Rd3 Rf5 26. Re1 Rd5 27. c3 dxc3 28. Rxc3 Rfxe5 29. Rc8+ Kd7 30. Rec1 Rg5+ 31. Kf1 Rdf5+ 32. Ke2 Rg2+ 33. Ke3 Re5+ 34. Kf4 Rf5+ 35. Ke3 Rxa2 36. R1c7+ Kd6 37. Rc6+ Ke5 38. Re8 Ra3+ 39. Ke2 a5 40. Rexe6+ Kd5 41. Rcd6+ Kc5 42. Rc6+ Kb4 43. Re4+ Kb3 44. Kd2 Ra2+ 45. Kd3 Rxh2 46. Kd4 a4 47. Rc3+ Kb2 48. Rce3 Rd2+ 49. Rd3 Rxd3+ 50. Kxd3 a3 51. Re2+ Kb3 52. Kd4 a2 53. Re3+ Ka4 54. Re1 Rf3 55. Kc5 b4 56. Kc4 b3 57. Re7 Ka3 58. Re1 b2 59. Re6 b1Q 60. Ra6+ Kb2 61. Rb6+ Kc2 62. Re6 Qb3+ 63. Kd4 Rf4+ 64. Kc5 Qc4+ 65. Kd6 Rd4+ 66. Ke7 Qxe6+ 67. Kxe6 a1Q 68. Kf6 Qf1+ 69. Kg5 Qg1+ 70. Kh6 Rh4+ 71. Kg7 g5 72. Kf6 g4 73. Kg5 Rh1 74. Kf6 h5 75. Kg5 h4 76. Kh5 h3 77. Kh4 g3 78. Kg4 g2 79. Kg3 Qe1+ 80. Kg4 g1Q+ 81. Kh5 h2 82. Kh6 Qh4# 0-1

[Event "GER-chT Christmas U20"]
[Site "Playchess.com INT"]
[Date "2020.12.29"]
[Round "1.3"]
[White "Gallasch, Robin"]
[Black "Englert, Luca"]
[Result "1-0"]
[WhiteElo "2067"]
[BlackElo "1563"]
[PlyCount "103"]
[EventDate "2020.12.29"]
[EventType "team-swiss (blitz)"]
[EventRounds "7"]
[EventCountry "GER"]
[SourceTitle "CBM 200 Extra"]
[Source "ChessBase"]
[SourceDate "2021.03.31"]
[SourceVersion "1"]
[SourceVersionDate "2021.03.31"]
[SourceQuality "1"]
[WhiteTeam "Koeln Porz II"]
[BlackTeam "Leipzig VfB"]
[WhiteTeamCountry "GER"]
[BlackTeamCountry "GER"]

1. d4 Nf6 2. c4 g6 3. Nc3 Bg7 4. e4 d6 5. Nf3 0-0 6. h3 Nbd7 7. e5 dxe5 8. dxe5 Ne8 9. e6 fxe6 10. Ng5 Bxc3+ 11. bxc3 Ng7 12. Be2 b6 13. 0-0 Bb7 14. Bg4 Nc5 15. Qxd8 Raxd8 16. Ba3 h5 17. Bf3 Bxf3 18. Nxf3 Rd3 19. Bxc5 bxc5 20. Rac1 Nf5 21. Ne5 Kg7 22. Nxd3 Rd8 23. Nxc5 Kf6 24. Rfe1 Rd6 25. Ne4+ Kf7 26. Nxd6+ exd6 27. Rb1 Ke7 28. Rb7 Kd7 29. Rxa7 Ne7 30. Rb1 Nc6 31. Rbb7 Nxa7 32. Rxa7 Kc6 33. Ra8 Kb7 34. Rg8 d5 35. cxd5 exd5 36. Rxg6 c5 37. Rg5 d4 38. cxd4 cxd4 39. Rd5 Kc6 40. Rxd4 Kc5 41. Rd2 Kc4 42. Kf1 Kc3 43. Ke1 Kb4 44. Ke2 Kc3 45. Ke3 Kc4 46. Rd3 Kb4 47. Kd4 Ka4 48. Kc4 h4 49. Rd8 Ka3 50. Kc3 Ka4 51. Rd5 Ka3 52. Ra5# 1-0

[Event "GER-chT Christmas U16 Steinitz"]
[Site "Playchess.com INT"]
[Date "2020.12.28"]
[Round "5.2"]
[White "Englert, Luca"]
[Black "Leonard, Timo"]
[Result "0-1"]
[WhiteElo "1563"]
[BlackElo "1953"]
[PlyCount "116"]
[EventDate "2020.12.28"]
[EventType "team-swiss (blitz)"]
[EventRounds "7"]
[EventCountry "GER"]
[SourceTitle "CBM 200 Extra"]
[Source "ChessBase"]
[SourceDate "2021.03.31"]
[SourceVersion "1"]
[SourceVersionDate "2021.03.31"]
[SourceQuality "1"]
[WhiteTeam "Leipzig VfB"]
[BlackTeam "Hemer"]
[WhiteTeamCountry "GER"]
[BlackTeamCountry "GER"]

1. e4 c5 2. Nc3 Nc6 3. f4 g6 4. Nf3 Bg7 5. Bb5 Nd4 6. 0-0 Nxb5 7. Nxb5 d5 8. d3 a6 9. Nc3 e6 10. exd5 exd5 11. Re1+ Ne7 12. Qe2 Bf6 13. Bd2 0-0 14. Kh1 Re8 15. Qf2 Qd6 16. Re2 Bd7 17. Rae1 Nf5 18. Rxe8+ Rxe8 19. Rxe8+ Bxe8 20. g4 Nd4 21. Nxd4 Bxd4 22. Qf3 c4 23. Be3 Bxc3 24. bxc3 cxd3 25. cxd3 d4 26. Kg1 dxe3 27. Qxe3 Bc6 28. c4 Qa3 29. Qe2 Qc1+ 30. Kf2 Qxf4+ 31. Ke1 Qf3 32. d4 Qxe2+ 33. Kxe2 f6 34. Ke3 Kf7 35. d5 Ba4 36. Kd4 b6 37. h3 Bd1 38. c5 bxc5+ 39. Kxc5 Ke7 40. Kb6 Kd6 41. Kxa6 f5 42. gxf5 gxf5 43. Kb5 Kxd5 44. Kb4 Kd4 45. a4 Bxa4 46. Kxa4 f4 47. Kb5 f3 48. Kc6 f2 49. Kd6 f1Q 50. Ke6 Qf4 51. Ke7 Qf5 52. h4 h5 53. Kd6 Qf6+ 54. Kd7 Kd5 55. Kc7 Qc6+ 56. Kd8 Qb7 57. Ke8 Ke6 58. Kf8 Qf7# 0-1

[Event "GER-ch U14"]
[Site "Willingen"]
[Date "2020.10.23"]
[Round "6"]
[White "Schwartz, Oliver"]
[Black "Englert, Luca"]
[Result "1-0"]
[WhiteElo "1794"]
[BlackElo "1530"]
[PlyCount "91"]
[EventDate "2020.10.19"]
[EventType "swiss"]
[EventRounds "7"]
[EventCountry "GER"]
[SourceTitle "EXT 2022"]
[Source "ChessBase"]
[SourceDate "2021.10.06"]
[SourceVersion "1"]
[SourceVersionDate "2021.10.06"]
[SourceQuality "1"]

1. e4 d6 2. d4 Nf6 3. Nc3 g6 4. Be3 Bg7 5. h3 0-0 6. f4 Nbd7 7. Nf3 b6 8. e5 Ne8 9. Bd3 Bb7 10. Be4 Bxe4 11. Nxe4 c5 12. c3 d5 13. Nf2 Nc7 14. Qd2 e6 15. h4 a5 16. h5 a4 17. hxg6 fxg6 18. Ng4 Rf5 19. Ng5 h5 20. Nf2 c4 21. a3 Nf8 22. g4 hxg4 23. Nxg4 Qd7 24. Nh6+ Bxh6 25. Rxh6 Qg7 26. Qh2 Nb5 27. Kd2 Na7 28. Rh1 Rxg5 29. fxg5 Nc6 30. Rh8+ Kf7 31. Qf4+ Ke8 32. Qf6 Qxf6 33. gxf6 Ra7 34. Bh6 Rf7 35. Bxf8 Rxf8 36. Rxf8+ Kxf8 37. Rh8+ Kf7 38. Rh7+ Ke8 39. Rb7 g5 40. Rxb6 Nd8 41. Ra6 g4 42. Rxa4 Nc6 43. Ra6 Nd8 44. Ra8 Kd7 45. Rxd8+ Kxd8 46. Ke3 1-0

[Event "GER-ch U14"]
[Site "Willingen"]
[Date "2020.10.22"]
[Round "4"]
[White "Englert, Luca"]
[Black "Tovmasyan, Minas"]
[Result "0-1"]
[WhiteElo "1530"]
[BlackElo "1658"]
[PlyCount "86"]
[EventDate "2020.10.19"]
[EventType "swiss"]
[EventRounds "7"]
[EventCountry "GER"]
[SourceTitle "EXT 2022"]
[Source "ChessBase"]
[SourceDate "2021.10.06"]
[SourceVersion "1"]
[SourceVersionDate "2021.10.06"]
[SourceQuality "1"]

1. e4 c5 2. Nc3 e6 3. f4 d5 4. Bb5+ Bd7 5. exd5 Bxb5 6. Nxb5 exd5 7. Qh5 Qe7+ 8. Qe5 Qxe5+ 9. fxe5 Kd7 10. Nf3 Nc6 11. 0-0 h6 12. b3 a6 13. Nc3 d4 14. Nd5 Re8 15. Re1 Nge7 16. Nf4 Kc8 17. e6 fxe6 18. Rxe6 g5 19. Ng6 Rh7 20. Ba3 Kd7 21. Rae1 b6 22. d3 Rc8 23. Nd2 Rg7 24. Nxf8+ Rxf8 25. Rxh6 Nf5 26. Rh3 g4 27. Rh5 Ne3 28. Bc1 Rgf7 29. h4 Rf2 30. Rh7+ Kd8 31. Kh1 Nxc2 32. Rg1 Ne5 33. Ne4 Re2 34. Nd6 Ne3 35. h5 g3 36. h6 Nxd3 37. Nf7+ Kc8 38. Bxe3 Nf2+ 39. Bxf2 gxf2 40. Rh8 Rxh8 41. Nxh8 Re1 42. Rxe1 fxe1Q+ 43. Kh2 Qe5+ 0-1

[Event "GER-ch U14"]
[Site "Willingen"]
[Date "2020.10.21"]
[Round "2"]
[White "Fuhrmann, Bahne"]
[Black "Englert, Luca"]
[Result "1-0"]
[WhiteElo "1816"]
[BlackElo "1530"]
[PlyCount "143"]
[EventDate "2020.10.19"]
[EventType "swiss"]
[EventRounds "7"]
[EventCountry "GER"]
[SourceTitle "EXT 2022"]
[Source "ChessBase"]
[SourceDate "2021.10.06"]
[SourceVersion "1"]
[SourceVersionDate "2021.10.06"]
[SourceQuality "1"]

1. e4 d6 2. d4 Nf6 3. Nc3 g6 4. f4 Bg7 5. Nf3 Bg4 6. h3 Bxf3 7. Qxf3 c6 8. Be3 e5 9. f5 Qb6 10. 0-0-0 Qa5 11. dxe5 dxe5 12. fxg6 fxg6 13. Bc4 Nbd7 14. Bf7+ Ke7 15. Bg5 Rhf8 16. Bc4 h6 17. Bd2 Qc5 18. Qe2 Ne8 19. Na4 Qf2 20. Qd3 Qd4 21. Qa3+ Nd6 22. Be1 c5 23. Rxd4 exd4 24. Bd5 Rac8 25. Bg3 b5 26. Nxc5 Rxc5 27. Qa6 Rf6 28. e5 Rxd5 29. exf6+ Bxf6 30. Re1+ Ne5 31. Qxa7+ Ke6 32. Qh7 d3 33. Bxe5 d2+ 34. Kd1 dxe1Q+ 35. Kxe1 Rxe5+ 36. Kd1 Rd5+ 37. Ke1 Bh4+ 38. Kf1 Rd1+ 39. Ke2 Re1+ 40. Kf3 Nf7 41. Qxg6+ Ke7 42. Qb6 Nd6 43. a4 bxa4 44. Qa7+ Kf6 45. Qd4+ Ke6 46. Qxh4 Re3+ 47. Kf2 Re4 48. Qxh6+ Kd5 49. Qd2+ Rd4 50. Qa5+ Kc6 51. Kf3 Rc4 52. b3 axb3 53. cxb3 Rc5 54. Qa6+ Kd5 55. b4 Rb5 56. Qxb5+ Nxb5 57. g4 Kc4 58. g5 Kxb4 59. g6 Nd4+ 60. Kg4 Nc6 61. Kg5 Ne7 62. Kf6 Ng8+ 63. Kg7 Ne7 64. Kf7 Nf5 65. g7 Kc5 66. g8Q Nh6+ 67. Kg7 Nxg8 68. Kxg8 Kd6 69. Kg7 Ke6 70. h4 Kf5 71. h5 Kg5 72. h6 1-0

[Event "GER-ch U14"]
[Site "Willingen"]
[Date "2020.10.20"]
[Round "1"]
[White "Englert, Luca"]
[Black "Tham, Nam"]
[Result "0-1"]
[WhiteElo "1530"]
[BlackElo "1890"]
[PlyCount "76"]
[EventDate "2020.10.19"]
[EventType "swiss"]
[EventRounds "7"]
[EventCountry "GER"]
[SourceTitle "EXT 2022"]
[Source "ChessBase"]
[SourceDate "2021.10.06"]
[SourceVersion "1"]
[SourceVersionDate "2021.10.06"]
[SourceQuality "1"]

1. e4 e5 2. Nc3 Nf6 3. f4 d5 4. fxe5 Nxe4 5. Nf3 Bc5 6. d4 Bb4 7. Bd2 c5 8. a3 Bxc3 9. bxc3 Bg4 10. Be2 Bxf3 11. Bxf3 cxd4 12. cxd4 Nc6 13. c3 0-0 14. 0-0 f6 15. Bxe4 dxe4 16. Qb3+ Kh8 17. exf6 Rxf6 18. Rfe1 Na5 19. Qb4 Qd5 20. Rf1 Nb3 21. Rxf6 gxf6 22. Bh6 Qh5 23. Qxb7 Rg8 24. Qxb3 Qxh6 25. Qc2 f5 26. Re1 Qg5 27. g3 h5 28. Kf1 h4 29. Qg2 Qg4 30. d5 Rd8 31. c4 e3 32. Qe2 Qh3+ 33. Kg1 hxg3 34. hxg3 Qxg3+ 35. Kh1 Rd7 36. Qb2+ Rg7 37. Rb1 Qf3+ 38. Kh2 Qh5# 0-1